| 000 | 00823nam a2200265Ia 4500 | ||
|---|---|---|---|
| 999 |
_c55492 _d55492 |
||
| 001 | 22574 | ||
| 003 | GE_BSU | ||
| 005 | 20230330115731.0 | ||
| 008 | 181216s ||||-ge|||||||||||||| ||ger|| | ||
| 020 | _a9783191019037 | ||
| 040 | _cGE_BSU | ||
| 041 | _ager | ||
| 080 | _a811.112.1 B-84 | ||
| 100 |
_aBraun-Podeschwa, Julia _917370 |
||
| 245 |
_aMENSCHEN B1 : _bDeutsch als Fremdsprache Kursbuch / _cJulia Braun-Podeschwa, Habersack Charlotte, Angela Pude. |
||
| 264 |
_aMunchen : _bHueber Verlag, _c2015. |
||
| 300 |
_a200 p. ; _bill ; _c29 cm. _eDVD ROM B1 |
||
| 541 | _h70gel. | ||
| 653 | _aMENSCHEN B1 | ||
| 653 | _aDeutsch als Fremdsprache Kursbuch | ||
| 653 | _aგერმანული ენა | ||
| 700 |
_aHabersack, Charlotte _eby _917371 |
||
| 700 |
_a Pude, Angela _eby _917372 |
||
| 942 |
_cBK _2udc |
||